วิทยาลัยพยาบาลบรมราชชนนี ยะลา
ระบบห้องสมุดอัตโนมัติ ULIBM BCNYALA - V.6
เปลี่ยนเป็นภาษาไทย

Change to English
 แสดงรายละเอียดบรรณานุกรม
  กลับหน้าหลัก

Brief Record : Get Marc (ISO 2709) : E-mail record : QR code ปิดหน้าต่าง
การเมืองภาคประชาชนในระบอบประชาธิปไตยไทย Review โดย
ใช้งานได้ทุกระบบ
ห้องสมุดวพบ.ยะลา
ใช้งานได้ทุกระบบ เมื่อ9/เมษายน/2569
สารบัญ
  • บทที่ 1 ปัญหาประชาธิปไตยในประเทศไทย : ความเป็นมาทางประวัติศาสตร์ วัฒนธรรม และเศรษฐกิจสังคม
  • บทที่ 2 ผลกระทบของกระบวนการโลกาภิวัตน์ที่มีต่อรัฐไทยและระบอบประชาธิปไตยในประเทศไทย
  • บทที่ 3 การเมืองภาคประชาชนกับการขยายตัวของระบอบประชาธิปไตยในประเทศไทย : หลักการและความจำเป็นทางสถานการณ์
  • บทที่ 4 การเมืองภาคประชาชนในประเทศไทย : ระหว่างอุดมคติกับความเป็นจริง

E-books : เกี่ยวกับ Collections
LEADER 00000nam 2200000uu 4500
001    3840
003     ULIBM
008    260409s2567||||th 000 0 tha d
020    ^a9786165109802
050  4 ^aJQ1746^bส888ก
100 0  ^aเสกสรรค์ ประเสริฐกุล
245 10 ^aการเมืองภาคประชาชนในระบอบประชาธิปไตยไทย/^cเสกสรรค์ ประเสริฐกุล
250    ^aพิมพ์ครั้งที่ 5
260    ^aกรุงเทพฯ :^bสำนักพิมพ์ประพันธ์สาส์น ,^c2567.
300    ^a254 หน้า:^bภาพประกอบ ;^c21 ซม.
650  7 ^aสิทธิของพลเมือง
999    ^aฮัซวานี
รายการนี้ยังไม่มีแท็ก
คุณยังไม่ได้ล็อกอิน คุณสามารถมีกิจกรรมร่วมกับเว็บไซต์ได้ แต่ต้องล็อกอินก่อน ::
  ล็อกอิน
ลำดับที่ ประเภท เลขเรียก สถานที่ สถานะ
1. หนังสือทั่วไป
หนังสือทั่วไป
JQ1746 ส888ก 2567 ฉ.1 
  
ห้องสมุดวพบ.ยะลา
►หนังสือทั่วไปภาษาไทย
On Shelf
2. หนังสือทั่วไป
หนังสือทั่วไป
JQ1746 ส888ก 2567 ฉ.2 
  
ห้องสมุดวพบ.ยะลา
►หนังสือทั่วไปภาษาไทย
On Shelf
3. หนังสือทั่วไป
หนังสือทั่วไป
JQ1746 ส888ก 2567 ฉ.3 
  
ห้องสมุดวพบ.ยะลา
►หนังสือทั่วไปภาษาไทย
On Shelf
4. หนังสือทั่วไป
หนังสือทั่วไป
JQ1746 ส888ก 2567 ฉ.4 
  
ห้องสมุดวพบ.ยะลา
►หนังสือทั่วไปภาษาไทย
On Shelf
5. หนังสือทั่วไป
หนังสือทั่วไป
JQ1746 ส888ก 2567 ฉ.5 
  
ห้องสมุดวพบ.ยะลา
►หนังสือทั่วไปภาษาไทย
On Shelf
   [แสดง 5/5 รายการ]

BibComment


ยังไม่เคยถูกคอมเมนท์

คอมเมนท์ทรัพยากรรายการนี้
  คอมเมนท์: การเมืองภาคประชา..
Bib 3840

 
 
 

 Union Library Management : ULibM

ดูหนังออนไลน์

Copyright 2026. All Rights Reserved.